Gorillaz Discography - Statistics

General Stats
  • This quiz has been taken 383 times
  • The average score is 23 of 60
Answer Stats
Hint Answer % Correct
Gorillaz Clint Eastwood
90%
Demon Days Feel Good Inc.
87%
Demon Days Dare
75%
Demon Days Dirty Harry
75%
Gorillaz 19-2000
70%
Plastic Beach On Melancholy Hill
69%
Plastic Beach Plastic Beach
67%
Demon Days El Manana
66%
Demon Days Kids with Guns
66%
Demon Days Demon Days
65%
Plastic Beach Rhinestone Eyes
63%
Plastic Beach Stylo
62%
Gorillaz Rock the House
54%
Demon Days Intro
53%
Plastic Beach Empire Ants
52%
Plastic Beach Superfast Jellyfish
52%
Demon Days O Green World
51%
Gorillaz 5/4
50%
Demon Days Fire Coming Out of the Monkey's Head
50%
Demon Days November Has Come
49%
Demon Days Last Living Souls
47%
Demon Days Don't Get Lost in Heaven
46%
Demon Days White Light
45%
Demon Days All Alone
44%
Demon Days Every Planet we Reach is Dead
42%
The Fall Revolving Doors
42%
Plastic Beach Broken
39%
Gorillaz Re-Hash
39%
Plastic Beach Welcome to the World of the Plastic Beach
38%
Plastic Beach Glitter Freeze
37%
Plastic Beach White Flag
37%
Gorillaz M1 A1
36%
Plastic Beach Some Kind of Nature
35%
Plastic Beach To Binge
35%
Plastic Beach Pirate Jet
34%
Plastic Beach Sweepstakes
33%
Gorillaz Punk
31%
Plastic Beach Cloud of Unknowing
29%
Gorillaz Sound Check (Gravity)
29%
Gorillaz Starshine
28%
The Fall Amarillo
27%
Gorillaz Latin Simone
27%
Gorillaz Double Bass
26%
The Fall Phoner to Arizona
24%
Gorillaz Man Research (Clapper)
22%
Gorillaz Slow Country
22%
The Fall Detroit
20%
The Fall HillBilly Man
19%
Gorillaz Tommorow Comes Today
19%
The Fall Little Pink Plastic Bags
18%
The Fall Seattle Yodel
17%
The Fall The Joplin Spider
16%
Gorillaz New Genious (Brother)
15%
The Fall The Snake in Dallas
14%
The Fall Aspen Forest
13%
The Fall Shy-Town
12%
The Fall The Parish of Space Dust
12%
The Fall Bobby in Phoneix
1%
The Fal California and the Slipping of the Sun
0%
Plastic Beach Orhcestral Intro
0%
No matching quizzes found
Score Distribution
Percent of People with Each Score
Percentile by Number Answered
Your Score History
You have not taken this quiz